Normal view
MARC view
- New Economy Working Group
Entry Corporate Name
001 - CONTROL NUMBER
- control field: 82329
003 - CONTROL NUMBER IDENTIFIER
- control field: NUST
005 - DATE AND TIME OF LATEST TRANSACTION
- control field: 20210909114331.0
008 - FIXED-LENGTH DATA ELEMENTS
- fixed length control field: 210909|| aca||aabn | a|a d
040 ## - CATALOGING SOURCE
- Original cataloging agency: NUST
- Transcribing agency: NUST
110 ## - HEADING--CORPORATE NAME
- Corporate name or jurisdiction name as entry element: New Economy Working Group
670 ## - SOURCE DATA FOUND
- Source citation: Work cat.: (NUST)33206: Korten, David C. 82327, Agenda for a new economy :, c2010.
